Sindbad the sailor / (Record no. 271)

MARC details
000 -LEADER
fixed length control field 01466nam a22004217a 4500
001 - CONTROL NUMBER
control field 271
003 - CONTROL NUMBER IDENTIFIER
control field FISKH
005 - DATE AND TIME OF LATEST TRANSACTION
control field 20230313162512.0
008 - FIXED-LENGTH DATA ELEMENTS--GENERAL INFORMATION
fixed length control field 230313b cb ||||| |||| 00| 0 eng d
010 ## - LIBRARY OF CONGRESS CONTROL NUMBER
LC control number 2016479935
020 ## - INTERNATIONAL STANDARD BOOK NUMBER
International Standard Book Number 1911091026
020 ## - INTERNATIONAL STANDARD BOOK NUMBER
International Standard Book Number 9781911091028
040 ## - CATALOGING SOURCE
Original cataloging agency DLC
Transcribing agency DLC
Language of cataloging eng
Modifying agency FISKH
042 ## - AUTHENTICATION CODE
Authentication code pcc
050 00 - LIBRARY OF CONGRESS CALL NUMBER
Classification number PZ8.A18
Item number Sin 2016
082 00 - DEWEY DECIMAL CLASSIFICATION NUMBER
Classification number 398.2
Edition number 23
100 1# - MAIN ENTRY--PERSONAL NAME
Personal name Abdul-Qader, Ali,
Relator term adapter.
245 10 - TITLE STATEMENT
Title Sindbad the sailor /
Statement of responsibility, etc. retold by Ali Abdul-Qader ; illustrated by Sura Ghazwan.
246 14 - VARYING FORM OF TITLE
Title proper/short title Sindbad the sailor :
Remainder of title from The one thousand and one nights
264 #1 - PRODUCTION, PUBLICATION, DISTRIBUTION, MANUFACTURE, AND COPYRIGHT NOTICE
Place of production, publication, distribution, manufacture Stroud, Gloucestershire, UK
Name of producer, publisher, distributor, manufacturer Real Reads Ltd
Date of production, publication, distribution, manufacture, or copyright notice 2016
264 #4 - PRODUCTION, PUBLICATION, DISTRIBUTION, MANUFACTURE, AND COPYRIGHT NOTICE
Date of production, publication, distribution, manufacture, or copyright notice 2016
300 ## - PHYSICAL DESCRIPTION
Extent 63 pages :
Other physical details color illustrations ;
Dimensions 21 cm
336 ## - CONTENT TYPE
Content type term text
Content type code txt
Source rdacontent
337 ## - MEDIA TYPE
Media type term unmediated
Media type code n
Source rdamedia
338 ## - CARRIER TYPE
Carrier type term volume
Carrier type code nc
Source rdacarrier
504 ## - BIBLIOGRAPHY, ETC. NOTE
Bibliography, etc. note Includes bibliographical references (pages 60-61).
505 ## - FORMATTED CONTENTS NOTE
Formatted contents note H
520 ## - SUMMARY, ETC.
Summary, etc. An abridged, easy-to-read retelling of Sinbad's adventurous voyages that made him wealthy and famous. Includes "food for thought" and other supplementary materials.
521 8# - TARGET AUDIENCE NOTE
Target audience note 520 <br/>
Source Lexile
521 8# - TARGET AUDIENCE NOTE
Target audience note H <br/>
Source Raz-Plus
650 #1 - SUBJECT ADDED ENTRY--TOPICAL TERM
Topical term or geographic name entry element Fairy tales.
650 #1 - SUBJECT ADDED ENTRY--TOPICAL TERM
Topical term or geographic name entry element Arabs
Form subdivision Folklore.
650 #1 - SUBJECT ADDED ENTRY--TOPICAL TERM
Topical term or geographic name entry element Folklore
Geographic subdivision Arab countries.
700 1# - ADDED ENTRY--PERSONAL NAME
Personal name Ghazwan, Sura,
Relator term illustrator.
730 0# - ADDED ENTRY--UNIFORM TITLE
Uniform title Sindbad the sailor.
Relationship information Abridgment of (work):
906 ## - LOCAL DATA ELEMENT F, LDF (RLIN)
a 7
b cbc
c origres
d 2
e ncip
f 20
g y-gencatlg
942 ## - ADDED ENTRY ELEMENTS (KOHA)
Source of classification or shelving scheme Dewey Decimal Classification
Koha item type Books
Suppress in OPAC No
Holdings
Withdrawn status Lost status Source of classification or shelving scheme Damaged status Not for loan Collection Home library Current library Shelving location Date acquired Total Checkouts Full call number Barcode Date last seen Price effective from Koha item type
    Dewey Decimal Classification     Juvenile Fiction Footprints International School Library Network Toul Kork Campus Footprints International School Library Network Toul Kork Campus   03/13/2023   ABD 398.2 PZ7 2023-0008 03/13/2023 03/13/2023 Books